00504nam a2200169Ia 450000500170000000800410001702000150005808200130007310000190008624500270010526000430013230000120017550000290018794200060021695200970022299900150031920250701153725.0240331s9999 xx 000 0 und d a9552108071 bSENa398 aSenarathne,P.M 0aSri Lankawe janakreeda aColombobA.M.D.Gunasena & Co Ltdc1996 a78 p ., aFolk Sports In Sri Lanka cL 001040708LaWERCLbWERCLcSSCd2024-03-31l0o 398.8 SENp2443r2024-03-31w2024-03-31yL c5039d5039